000
00318nam a22001337a 4500
082
_a
894.812
_b
PAD/T
100
_a
KARTHIKEYAN PADIYATH
245
_a
THUYILUNARTHINTE SRUTHIKAL
250
_a
FIRST
260
_a
TRIVANDRUM
_b
PRABHATHAM PRINTING & PUBLISHING CO.
300
_a
79
650
_a
PLAY
_z
KERALA
942
_c
BK
999
_c
1138
_d
1138